Minecraft Vocabulary #3 - Statistics

General Stats
  • This quiz has been taken 16 times
  • The average score is 9 of 15
Answer Stats
Term Word % Correct
Some examples would be Jungle, Desert, Ocean Biome
93%
Block that is also the name of an edition of the game Bedrock
87%
Binding of a power onto your gear with a book or table Enchant
73%
Some examples are mobs, boats, players, xp orbs, etc... Entity
73%
Word after respawn and helps you respawn in the Nether Anchor
67%
Mobs riding other mobs like spiders, horses, or chickens Jockey
67%
Ocean structure that has sponges and elder guardians Monument
67%
Type of chest that triggers redstone when you open it Trapped
67%
Word that comes before Shrieker, Sensor, and Catalyst Skulk
60%
Items found in chests of structures like Desert Pyramids Loot
53%
Crafted with two Copper bars and an Amethyst Shard Spyglass
53%
Word before speed that defines the speed of the game Tick
53%
The kind of villager that sells Ender Pearls and redstone Cleric
47%
What you add to water to make an Awkward Potion Netherwart
47%
What you need in order to get tadpoles over time Frogspawn
27%
No matching quizzes found
Score Distribution
Percent of People with Each Score
Percentile by Number Answered
Your Score History
You have not taken this quiz